Geography Quiz

Random Geography or State Quiz

Interstate 64 Counties Quiz Stats

 Plays Quiz not verified by Sporcle

Also try: Indiana Cities
Challenge
Share
Tweet
Embed
Score 0/60 Timer 09:00
0 Plays Today
State County % Correct
MOSt. Louis County
92.3%
MOSt. Louis City
92.3%
VAVirginia Beach City
91%
ILJefferson County
89.7%
KYJefferson County
89.7%
VARichmond City
89.7%
VANorfolk City
88.5%
VANewport News City
85.9%
VAHampton City
85.9%
VAChesapeake City
85.9%
WVKanawha County
84.6%
ILWayne County
83.3%
WVWayne County
83.3%
MOSt. Charles County
81.2%
INHarrison County
80.8%
KYFayette County
80.8%
WVFayette County
80.8%
VAStaunton City
80.8%
VAAlbemarle County
80.8%
VAHenrico County
80.8%
ILWashington County
79.5%
KYFranklin County
79.5%
VACharlottesville City
79.5%
VAGoochland County
79.5%
KYClark County
78.2%
KYMontgomery County
78.2%
VAAugusta County
78.2%
VAYork County
78.2%
ILSt. Clair County
76.9%
INVanderburgh County
76.9%
State County % Correct
INFloyd County
76.9%
KYBoyd County
76.9%
VAWaynesboro City
76.9%
VAJames City County
76.9%
KYShelby County
75.6%
VAFluvanna County
75.6%
INPosey County
74.4%
KYWoodford County
74.4%
KYScott County
74.4%
WVPutnam County
74.4%
VACovington City
74.4%
VARockbridge County
74.4%
WVRaleigh County
73.1%
WVGreenbrier County
73.1%
VAAlleghany County
73.1%
KYBath County
71.8%
KYRowan County
71.8%
WVCabell County
71.8%
ILClinton County
70.5%
INWarrick County
70.5%
WVSummers County
70.5%
VALouisa County
70.5%
VANew Kent County
70.5%
KYCarter County
69.2%
ILWhite County
66.7%
INGibson County
66.7%
INCrawford County
66.7%
INSpencer County
65.4%
INDubois County
62.8%
INPerry County
62.8%

You're not logged in!

Compare scores with friends on all Sporcle quizzes.
OR
Log In

You Might Also Like...

Show Comments

Extras

Created Jul 27, 2012SourceReportNominate
Tags:State Quiz, counties

Top Quizzes Today


Score Distribution

Your Account Isn't Verified!

In order to create a playlist on Sporcle, you need to verify the email address you used during registration. Go to your Sporcle Settings to finish the process.

Report this User

Report this user for behavior that violates our Community Guidelines.

Details: